| 000 | 01014nam2a2200205 4500 | ||
|---|---|---|---|
| 001 | RU\NLR\PER_A\003154665_001320 | ||
| 005 | 20250626113421.0 | ||
| 035 | _a(NLR Aleph) 011706430 | ||
| 090 |
_a11412382 _c11412382 |
||
| 100 | _a20180517d2017 |||y0rusy50 ca | ||
| 101 | 0 | _arus | |
| 102 | _aRU | ||
| 200 | 0 | _aТ. 18, № 4 | |
| 210 |
_d2017 _aБ. м. |
||
| 461 | 0 |
_1001RU\NLR\INFOCOMM55\5000112432 _12001#$aСердечная недостаточность$eРец. журн.$eОфиц. орган печати О-ва Специалистов по сердеч. недостаточности и рабочей группы ВНОК$vТ. 18, № 4 _93038645 _cМ. _d2002 - _nБ.и. _oРец. журн. : Офиц. орган печати О-ва Специалистов по сердеч. недостаточности и рабочей группы ВНОК _tСердечная недостаточность _vТ. 18, № 4 |
|
| 852 |
_aNLR _jП17/840 |
||
| 942 | _cISSUE | ||
| 980 | _aNB | ||
| 980 | _aRUSPER | ||